Statistiques concernant Partis de coalitions avec des députés suite aux législatives 2022

Cliquez ici pour prendre le quiz!

Statistiques générales

  • Ce quiz a été pris 66 fois
  • Le résultat moyen est 11 sur 35

Statistiques - réponses

Nombre de députésPartis PolitiquesCoalition% Correct
71La France InsoumiseNUPES
98%
27Parti SocialisteNUPES
97%
158La République en Marche / RenaissanceEnsemble
93%
67Les RépublicainsUDC
92%
16Europe Écologie Les VertsNUPES
90%
12Parti communiste françaisNUPES
89%
45Mouvement DémocrateEnsemble
82%
26HorizonsEnsemble
74%
5Union des Démocrates IndépendantsUDC
59%
4Génération.sNUPES
41%
6AgirEnsemble
31%
1Archipel DemainUDC
31%
2Territoire de ProgrèsEnsemble
26%
1Debout la FranceUPF
25%
4Parti RadicalEnsemble
25%
2Génération ÉcologieNUPES
23%
1Révolution écologique pour le vivantNUPES
21%
1Les CentristesUDC
18%
1Parti Ouvrier IndépendantNUPES
18%
1En CommunEnsemble
16%
2Pour la RéunionNUPES
11%
1Fédération ProgressisteEnsemble
10%
2Femu a CorsicaR&PS
10%
1Les Nouveaux DémocratesNUPES
8%
3Tavini huira'atiraNUPES
8%
3Péyi-ANUPES
7%
1Calédonie EnsembleEnsemble
3%
1Générations NCEnsemble
3%
1Parti National CorseR&PS
3%
1Parti progressiste martiniquaisNUPES
3%
1Rézistan's Égalité 974NUPES
3%
1ProgrèsNUPES
2%
1Fédération guadeloupéenne du Parti socialisteNUPES
0%
1Mouvement de décolonisation et d'émancipation socialeNUPES
0%
1Parti progressiste démocratique guadeloupéenNUPES
0%

Distribution des résultats

Percentile par nombre de réponses

% des personnes avec chaque résultat

Votre développement - résultats

Vous n’avez pas pris ce quiz